Statistics for NBA Championship Droughts

Click here to take the quiz!

General Stats

  • This quiz has been taken 25 times
  • The average score is 27 of 30

Answer Stats

Last WinLast AppearanceTeam Name% Correct
19581961Atlanta Hawks
95%
19981998Chicago Bulls
95%
19511951Sacramento Kings
95%
Never (est. 1967)2003Brooklyn Nets
89%
20232023Denver Nuggets
89%
20042005Detroit Pistons
89%
20222022Golden State Warriors
89%
19951995Houston Rockets
89%
Never (est. 1967)2000Indiana Pacers
89%
Never (est. 1995)NeverMemphis Grizzlies
89%
20132023Miami Heat
89%
20212021Milwaukee Bucks
89%
Never (est. 1989)NeverMinnesota Timberwolves
89%
Never (est. 2002)NeverNew Orleans Pelicans
89%
19731999New York Knicks
89%
Never (est. 1989)2009Orlando Magic
89%
19832001Philadelphia 76ers
89%
Never (est. 1968)2021Phoenix Suns
89%
19771992Portland Trail Blazers
89%
Never (est. 1974)1998Utah Jazz
89%
19781979Washington Wizards
89%
20082022Boston Celtics
84%
Never (est. 1988)NeverCharlotte Hornets
84%
20162018Cleveland Cavaliers
84%
20112011Dallas Mavericks
84%
Never (est. 1970)NeverLos Angeles Clippers
84%
20202020Los Angeles Lakers
84%
19792012Oklahoma City Thunder
84%
20142014San Antonio Spurs
84%
20192019Toronto Raptors
84%

Score Distribution

Percentile by Number Answered

Percent of People with Each Score

Your Score History

You have not taken this quiz